Dni praktickej obezitológie a metabolického syndrómu : Pečeň a metabolický syndróm 11.-12. jún 2021, Kongresový Hotel Alexander, Bardejov : program

Bibliographic Details
Corporate Author: Dni praktickej obezitológie a metabolického syndrómu Bardejov, Slovensko (Author)
Format: Conference Proceeding Book
Language:Slovak
PhysicalDescription:20 strán farebné fotografie, farebné ilustrácie, mapy, tabuľky 21 cm
Published: Bratislava I.D.L. Company 2021
ISBN:9788097366650
Subjects:

MARC

LEADER 00000cam a2200000 4500
001 vtls012070228
003 SK-MaSNL
005 20260301150531.0
008 230501s2021 xo oablfr 100 0 slo
015 |a SNBA2022/10 
020 |a 9788097366650  |q (brožované) 
035 |a urn:nbn:sk:snk-am00ie7d 
035 |a 429BA263-8585-4656-BEF8-39D25A3000A6 
040 |a SNK  |b slo  |c SNK  |e rda 
041 0 |a slo 
043 |a e-xo--- 
044 |a xo  |c SK 
072 7 |a 616  |x Patológia. Klinická medicína  |2 konspekt 
080 |a 616-056.257  |2 2011 
080 |a (083.97)  |2 2011 
080 |a 392.81  |2 2011 
080 |a 616.1/.9  |2 2011 
080 |a (437.6)  |2 2011 
111 2 |a Dni praktickej obezitológie a metabolického syndrómu  |d (2021 :  |c Bardejov, Slovensko)  |4 aut  |9 507895 
245 1 0 |a Dni praktickej obezitológie a metabolického syndrómu : Pečeň a metabolický syndróm  |b 11.-12. jún 2021, Kongresový Hotel Alexander, Bardejov : program 
246 3 0 |a Pečeň a metabolický syndróm 
246 3 0 |a Program 
264 1 |a Bratislava  |b I.D.L. Company  |c 2021 
300 |a 20 strán  |b farebné fotografie, farebné ilustrácie, mapy, tabuľky  |c 21 cm 
336 |a text  |b txt  |2 rdacontent 
337 |a bez média  |b n  |2 rdamedia 
338 |a zväzok  |b nc  |2 rdacarrier 
500 |a Vydavateľské údaje podľa NA ISBN 
500 |a Názov z obalu 
648 7 |a 2021  |2 SNKPH  |9 368183 
650 0 7 |a obezita  |2 SNKPH  |9 2527 
650 0 7 |a Obesity  |2 SNKPHeng  |9 267141 
650 0 7 |a stravovacie návyky  |2 SNKPH  |9 89599 
650 0 7 |a Food habits  |2 SNKPHeng  |9 344253 
650 0 7 |a civilizačné choroby  |2 SNKPH  |9 71637 
650 0 7 |a Civilization diseases  |2 SNKPHeng  |9 323791 
651 7 |a Bardejov (Slovensko)  |2 SNKPHgeo  |9 20040 
651 7 |a Bardejov (Slovakia)  |2 SNKPHeng  |9 266929 
655 7 |a programy podujatí  |2 SNKPH  |9 70446 
655 7 |a Programs  |2 SNKPHeng  |9 330885 
710 2 |a Hotel Alexander (Bardejovské Kúpele, Slovensko)  |4 orm  |9 507896 
852 |a Slovenská národná knižnica 
919 |a 978-80-973666-5-0 
954 |a odborná, vedecká literatúra pôvodná (slovenská)  |2 lita 
958 |a MI 
999 |c 783876  |d 785806 
952 |a SNK  |b SNK  |y PREZ  |7 0  |p 17A1459323  |o snkSC 194389/B  |i snk2021/13597  |8 0  |0 0  |1 0  |4 0  |d 2021-09-23  |f 1  |l 0  |r 2025-10-14 00:00:00  |w 2026-02-24 
952 |a SNK  |b SNK  |y VYP  |7 0  |p 17A1470950  |o snkSC 194389/B D1  |i snk2022/505  |8 0  |0 0  |1 0  |4 0  |d 2022-01-11  |l 0  |r 2026-02-24 01:12:43  |w 2026-02-24